|
|
|
|
| LEADER |
00000cam a2200000 7i4500 |
| 001 |
0000030321 |
| 005 |
20241203.0 |
| 008 |
230830 my a eng |
| 040 |
|
|
|a INS
|b eng
|c INS
|e rda
|
| 090 |
0 |
0 |
|a Research 404
|b 2022
|
| 100 |
0 |
|
|a Firdaus Mohamad Hamzah ,
|e author
|
| 245 |
1 |
0 |
|a Assessment of economic worth of green roof to mitigate urban heat island : A case study in putrajaya
|c Firdaus Mohamad Hamzah, Mohd Khairul Azhar Mat Sulaiman, Zambri Harun, Nor Azwan Mohamed Kamari.
|
| 264 |
|
0 |
|c 2022
|
| 300 |
|
|
|a x, 42 pages :
|b illustrations ;
|c 30 cm.
|
| 336 |
|
|
|a text
|2 rdacontent
|
| 337 |
|
|
|a unmediated
|2 rdamedia
|
| 338 |
|
|
|a volume
|2 rdacarrier
|
| 650 |
|
0 |
|a Buildings
|x Energy conservation
|
| 650 |
|
0 |
|a Buildings
|x Energy consumption
|
| 700 |
0 |
|
|a Mohd Khairul Azhar Mat Sulaiman ,
|e author
|
| 700 |
0 |
|
|a Nor Azwan Mohamed Kamari ,
|e author
|
| 700 |
0 |
|
|a Zambri Harun ,
|e author
|
| 999 |
|
|
|a RES0000694
|b BOOK
|c Research By JPPH Staff
|e Default branch
|
| 999 |
|
|
|a RES0000695
|b BOOK
|c Research By JPPH Staff
|e Default branch
|